| 000 | 00921cam a2200277 i 4500 | ||
|---|---|---|---|
| 001 | 55679 | ||
| 003 | Mx-PuUPA | ||
| 005 | 20250210074039.0 | ||
| 008 | 140415s2009 de fr 000 0 eng d | ||
| 020 | _a9789699382000 | ||
| 040 |
_aMx-PuUPA _bspa _cMx-PuUPA _dMx-PuUPA _erda |
||
| 041 | 0 | _aeng | |
| 100 | 1 |
_aMustada, Tariq _eautor |
|
| 245 | 1 | 4 |
_aThe case for god : _bbased on reason and evidence, not groundless faith / _cTariq Mustafa |
| 264 | 1 |
_aPakistan : _bGovernment of Pakistan, _c2009 |
|
| 300 |
_axvi, 180 pƔginas ; _c24 cm |
||
| 336 |
_2rdacontent _atexto _btxt |
||
| 337 |
_2rdamedia _asin medio _bn |
||
| 338 |
_2rdacarrier _avolumen _bnc |
||
| 650 | 7 |
_2armarc _aDios _xReligiónes _xVida religiosa _xHistoria |
|
| 650 | 7 |
_2armarc _aDios _xReliogiones _xHistoria |
|
| 650 | 7 |
_2armarv _aVida cristiana _xHistoria |
|
| 942 |
_2ddc _cLI _h291 _iM98 |
||
| 999 |
_c55679 _d55679 |
||